House of shards

Bibliographic Details
Main Author: Ostow, Micol
Format: Book
Published: New York : Simon Sportlight Entertainment , 2006
Series:Charmed
Subjects:

MARC

LEADER 00000cam a2200000 7i4500
001 0000026616
005 20160330.0
008 090708
020 |a 1416925317 
090 0 0 |a OST   |b ENG 
100 1 |a Ostow, Micol 
245 1 0 |a House of shards   |c Micol Ostow 
260 |a New York :   |b Simon Sportlight Entertainment ,   |c 2006 
440 |a Charmed 
500 |a Teenager ages 13-18 years old (blue) 
650 0 |a Occult fiction 
650 0 |a Witches   |x Fiction. 
650 0 |a Young adult fiction 
999 |a 0001057631   |b Book   |c Adult Collection   |e Cawangan Tmn. Ungku Tun Aminah